Computer networks : a systems approach

Αποθηκεύτηκε σε:
Λεπτομέρειες βιβλιογραφικής εγγραφής
Κύριος συγγραφέας: Peterson, Larry L.
Άλλοι συγγραφείς: Davie, Bruce S.
Μορφή: Βιβλίο
Γλώσσα:English
Δημοσίευση: San Francisco : Morgan Kaufmann Publishers, c2000
Έκδοση:2nd ed.
Σειρά:Morgan Kaufmann series in networking
Θέματα:
Ετικέτες: Προσθήκη ετικέτας
Δεν υπάρχουν, Καταχωρήστε ετικέτα πρώτοι!

MARC

LEADER 00000cam a2200000 i 4500
001 1/18811
008 010321s2000 eng d
020 |a 1-55860-514-2 (cloth) 
020 |a 1-55860-577-0 (paper) 
035 |l 10066622 
040 |a GR-MY-UA  |b gre  |e aacr 
041 0 |a eng 
082 0 |a 004.65  |2 (21) 
100 1 |a Peterson, Larry L. 
245 1 0 |a Computer networks :  |b a systems approach /  |c Larry L. Peterson and Bruce S. Davie 
250 |a 2nd ed. 
260 |a San Francisco :   |b Morgan Kaufmann Publishers,   |c c2000 
300 |a xxvi, 748 p.;  |c 24 cm. 
490 1 |a The Morgan Kaufmann series in networking 
504 |a Includes bibliographical references and index 
650 0 0 |a Computer networks. 
700 1 |a Davie, Bruce S. 
830 0 |a Morgan Kaufmann series in networking 
852 |a INST  |b CHIOS  |e 20010321  |h 004.65 PET  |p 005200017353  |q 005200017353  |t BK  |y 0 
852 |a INST  |b SYROS  |e 20030604  |h 004.65 PET  |p 005500003358  |q 005500003358  |t BK  |y 0 
852 |a INST  |b SYROS  |e 20030604  |h 004.65 PET  |p 005500003360  |q 005500003360  |t BK  |y 0 
901 |a BIBL2-2001-1 
909 |a Χ  |b 083295 
909 |a Ε  |b 103844 
909 |a Ε  |b 103846 
922 |a 5ΕΛΗ  |b 200108  |c ΕΠΕΑΕΚ2/183  |d ΠΑΠΑΣΩΤΗΡΙΟΥ 
970 |a ΣΠΕΝΤΖΑ  |b ΕΛΕΝΗ  |z 2001/03/21